[Event "ODJM B 2023"]
[Site "Willingen GER"]
[Date "2023.05.28"]
[Round "1"]
[White "Roth, Jonas"]
[Black "Holzwarth, Felix"]
[Result "1/2-1/2"]
[Termination "normal"]
[Board "17"]
[WhiteElo "1529"]
[BlackElo "1591"]
[WhiteClock "00:05:41"]
[BlackClock "01:08:04"]
[PlyCount "162"]
[WhiteFideId "34623515"]
[BlackFideId "34621377"]
[EventCountry "GER"]
[EventRounds "9"]
[EventType "swiss"]
[EventDate "2023.05.27"]

1. d4 {[%clk 01:30:57] [%emt 00:00:02]} 1... d5 {[%clk 01:30:55] [%emt
00:00:05]} 2. c4 {[%clk 01:31:24] [%emt 00:00:04]} 2... e6 {[%clk 01:31:22]
[%emt 00:00:02]} 3. Nc3 {[%clk 01:31:38] [%emt 00:00:16]} 3... Be7 {[%clk
01:31:48] [%emt 00:00:03]} 4. Bf4 {[%clk 01:31:36] [%emt 00:00:33]} 4... Nf6
{[%clk 01:31:50] [%emt 00:00:28]} 5. e3 {[%clk 01:31:39] [%emt 00:00:28]} 5...
O-O {[%clk 01:32:03] [%emt 00:00:16]} 6. Nf3 {[%clk 01:31:22] [%emt 00:00:47]}
6... c5 {[%clk 01:30:40] [%emt 00:01:52]} 7. Bd3 {[%clk 01:28:12] [%emt
00:03:40]} 7... dxc4 {[%clk 01:29:08] [%emt 00:02:03]} 8. Bxc4 {[%clk 01:28:35]
[%emt 00:00:08]} 8... a6 {[%clk 01:28:20] [%emt 00:01:18]} 9. O-O {[%clk
01:25:28] [%emt 00:03:36]} 9... b5 {[%clk 01:27:48] [%emt 00:01:02]} 10. Bb3
{[%clk 01:24:16] [%emt 00:01:41]} 10... Bb7 {[%clk 01:27:45] [%emt 00:00:33]}
11. Rc1 {[%clk 01:20:44] [%emt 00:04:03]} 11... Nbd7 {[%clk 01:27:25] [%emt
00:00:50]} 12. Qe2 {[%clk 01:16:15] [%emt 00:05:00]} 12... Qb6 {[%clk 01:23:52]
[%emt 00:04:00]} 13. Rfd1 {[%clk 01:10:23] [%emt 00:06:24]} 13... Rac8 {[%clk
01:20:40] [%emt 00:03:42]} 14. d5 {[%clk 01:00:29] [%emt 00:10:24]} 14... c4
{[%clk 01:20:13] [%emt 00:00:57]} 15. dxe6 {[%clk 00:57:09] [%emt 00:03:50]}
15... fxe6 {[%clk 01:18:28] [%emt 00:02:15]} 16. Bc2 {[%clk 00:56:47] [%emt
00:00:53]} 16... Nd5 {[%clk 01:18:43] [%emt 00:00:14]} 17. Bg5 {[%clk 00:46:10]
[%emt 00:11:07]} 17... Nxc3 {[%clk 01:17:41] [%emt 00:01:32]} 18. bxc3 {[%clk
00:43:59] [%emt 00:02:42]} 18... Bxf3 {[%clk 01:17:48] [%emt 00:00:22]} 19.
gxf3 {[%clk 00:43:23] [%emt 00:01:05]} 19... Bxg5 {[%clk 01:16:25] [%emt
00:01:53]} 20. Rxd7 {[%clk 00:43:22] [%emt 00:00:31]} 20... Qc6 {[%clk
01:16:14] [%emt 00:00:42]} 21. Rcd1 {[%clk 00:41:11] [%emt 00:02:41]} 21...
Qxf3 {[%clk 01:16:20] [%emt 00:00:24]} 22. Qxf3 {[%clk 00:40:34] [%emt
00:01:07]} 22... Rxf3 {[%clk 01:16:45] [%emt 00:00:06]} 23. Be4 {[%clk
00:40:30] [%emt 00:00:34]} 23... Rf6 {[%clk 01:15:30] [%emt 00:01:41]} 24. Ra7
{[%clk 00:35:57] [%emt 00:05:06]} 24... e5 {[%clk 01:14:55] [%emt 00:01:05]}
25. Rdd7 {[%clk 00:34:52] [%emt 00:01:35]} 25... Bh6 {[%clk 01:15:07] [%emt
00:00:18]} 26. Kg2 {[%clk 00:34:35] [%emt 00:00:43]} 26... Rcf8 {[%clk
01:12:52] [%emt 00:02:48]} 27. f3 {[%clk 00:34:51] [%emt 00:00:15]} 27... Rb6
{[%clk 01:10:59] [%emt 00:02:22]} 28. Bb7 {[%clk 00:27:15] [%emt 00:08:06]}
28... a5 {[%clk 01:09:36] [%emt 00:01:54]} 29. Rxa5 {[%clk 00:23:20] [%emt
00:04:26]} 29... Bxe3 {[%clk 01:09:50] [%emt 00:00:15]} 30. Be4 {[%clk
00:20:25] [%emt 00:03:25]} 30... Rbb8 {[%clk 01:07:24] [%emt 00:02:54]} 31. Rd5
{[%clk 00:15:33] [%emt 00:05:25]} 31... Bf4 {[%clk 01:02:40] [%emt 00:05:13]}
32. Raxb5 {[%clk 00:15:15] [%emt 00:00:48]} 32... Rfc8 {[%clk 00:59:03] [%emt
00:04:07]} 33. a4 {[%clk 00:10:51] [%emt 00:04:55]} 33... Ra8 {[%clk 00:57:32]
[%emt 00:02:00]} 34. Rb4 {[%clk 00:09:56] [%emt 00:01:26]} 34... Ra7 {[%clk
00:57:27] [%emt 00:00:34]} 35. Rdb5 {[%clk 00:09:18] [%emt 00:01:08]} 35... Bd2
{[%clk 00:57:35] [%emt 00:00:22]} 36. Bb7 {[%clk 00:06:11] [%emt 00:03:37]}
36... Rc7 {[%clk 00:57:17] [%emt 00:00:47]} 37. Bd5+ {[%clk 00:06:32] [%emt
00:00:10]} 37... Kf8 {[%clk 00:57:39] [%emt 00:00:07]} 38. Rxc4 {[%clk
00:05:34] [%emt 00:01:29]} 38... Rxc4 {[%clk 00:58:00] [%emt 00:00:10]} 39.
Bxc4 {[%clk 00:05:58] [%emt 00:00:05]} 39... Bxc3 {[%clk 00:58:06] [%emt
00:00:24]} 40. Rb3 {[%clk 00:06:03] [%emt 00:00:25]} 40... Bd4 {[%clk 00:58:21]
[%emt 00:00:14]} 41. Bb5 {[%clk 00:06:14] [%emt 00:00:20]} 41... Ke7 {[%clk
00:58:27] [%emt 00:00:24]} 42. Kh3 {[%clk 00:05:38] [%emt 00:01:06]} 42... Kf6
{[%clk 00:58:50] [%emt 00:00:05]} 43. Ra3 {[%clk 00:03:51] [%emt 00:02:18]}
43... Ra5 {[%clk 00:58:10] [%emt 00:01:11]} 44. Ra2 {[%clk 00:03:35] [%emt
00:00:46]} 44... h6 {[%clk 00:57:45] [%emt 00:00:55]} 45. Rc2 {[%clk 00:03:53]
[%emt 00:00:12]} 45... Ra7 {[%clk 00:57:54] [%emt 00:00:21]} 46. Kg4 {[%clk
00:03:49] [%emt 00:00:34]} 46... g6 {[%clk 00:57:13] [%emt 00:01:11]} 47. Rc6+
{[%clk 00:03:34] [%emt 00:00:44]} 47... Kg7 {[%clk 00:57:21] [%emt 00:00:22]}
48. Rd6 {[%clk 00:00:40] [%emt 00:03:24]} 48... Be3 {[%clk 00:56:50] [%emt
00:00:56]} 49. Rd5 {[%clk 00:30:22] [%emt 00:00:54]} 49... Bf4 {[%clk 01:27:05]
[%emt 00:00:16]} 50. h4 {[%clk 00:29:44] [%emt 00:01:07]} 50... g5 {[%clk
01:27:06] [%emt 00:00:28]} 51. h5 {[%clk 00:27:49] [%emt 00:02:26]} 51... Kg8
{[%clk 01:24:27] [%emt 00:03:06]} 52. Rd8+ {[%clk 00:26:17] [%emt 00:02:05]}
52... Kg7 {[%clk 01:23:42] [%emt 00:01:12]} 53. Rd6 {[%clk 00:26:32] [%emt
00:00:17]} 53... Be3 {[%clk 01:22:53] [%emt 00:01:18]} 54. Re6 {[%clk 00:25:32]
[%emt 00:01:31]} 54... Rf7 {[%clk 01:19:43] [%emt 00:03:40]} 55. Rg6+ {[%clk
00:21:02] [%emt 00:05:00]} 55... Kf8 {[%clk 01:19:16] [%emt 00:00:57]} 56. Bc6
{[%clk 00:19:08] [%emt 00:02:21]} 56... Rf4+ {[%clk 01:19:33] [%emt 00:00:17]}
57. Kg3 {[%clk 00:18:57] [%emt 00:00:38]} 57... Rf7 {[%clk 01:18:24] [%emt
00:01:41]} 58. Rxh6 {[%clk 00:18:17] [%emt 00:01:11]} 58... g4 {[%clk 01:18:42]
[%emt 00:00:12]} 59. Rg6 {[%clk 00:16:21] [%emt 00:02:24]} 59... gxf3 {[%clk
01:19:02] [%emt 00:00:11]} 60. Bxf3 {[%clk 00:16:28] [%emt 00:00:24]} 60... Rg7
{[%clk 01:19:17] [%emt 00:00:16]} 61. a5 {[%clk 00:14:39] [%emt 00:02:16]}
61... Kg8 {[%clk 01:13:45] [%emt 00:06:04]} 62. Bd5+ {[%clk 00:13:54] [%emt
00:01:15]} 62... Kh7 {[%clk 01:13:49] [%emt 00:00:26]} 63. Be4 {[%clk 00:13:28]
[%emt 00:00:56]} 63... Kh8 {[%clk 01:14:12] [%emt 00:00:07]} 64. Kg4 {[%clk
00:12:13] [%emt 00:01:46]} 64... Rf7 {[%clk 01:13:32] [%emt 00:01:05]} 65. Bf5
{[%clk 00:12:27] [%emt 00:00:19]} 65... Rg7 {[%clk 01:12:30] [%emt 00:01:33]}
66. a6 {[%clk 00:11:28] [%emt 00:01:29]} 66... Kg8 {[%clk 01:12:12] [%emt
00:00:47]} 67. Kf3 {[%clk 00:10:53] [%emt 00:01:06]} 67... Bd4 {[%clk 01:12:25]
[%emt 00:00:17]} 68. Ke4 {[%clk 00:11:02] [%emt 00:00:21]} 68... Kh8 {[%clk
01:12:35] [%emt 00:00:20]} 69. Re6 {[%clk 00:10:19] [%emt 00:01:09]} 69... Rg8
{[%clk 01:09:10] [%emt 00:03:57]} 70. Kd5 {[%clk 00:07:12] [%emt 00:03:39]}
70... Ra8 {[%clk 01:09:09] [%emt 00:00:31]} 71. Rc6 {[%clk 00:07:12] [%emt
00:00:30]} 71... Rf8 {[%clk 01:08:37] [%emt 00:01:02]} 72. Bd7 {[%clk 00:05:43]
[%emt 00:01:57]} 72... Kg7 {[%clk 01:08:05] [%emt 00:01:04]} 73. Kd6 {[%clk
00:05:46] [%emt 00:00:27]} 73... Rf6+ {[%clk 01:08:17] [%emt 00:00:19]} 74. Be6
{[%clk 00:05:58] [%emt 00:00:16]} 74... Kh6 {[%clk 01:08:30] [%emt 00:00:17]}
75. Kd7 {[%clk 00:05:49] [%emt 00:00:38]} 75... Kxh5 {[%clk 01:08:33] [%emt
00:00:28]} 76. Bg4+ {[%clk 00:06:04] [%emt 00:00:15]} 76... Kg5 {[%clk
01:08:59] [%emt 00:00:04]} 77. Be6 {[%clk 00:05:44] [%emt 00:00:51]} 77... e4
{[%clk 01:08:57] [%emt 00:00:32]} 78. Rc4 {[%clk 00:06:03] [%emt 00:00:09]}
78... Bf2 {[%clk 01:07:41] [%emt 00:01:46]} 79. Rxe4 {[%clk 00:06:29] [%emt
00:00:06]} 79... Rf4 {[%clk 01:07:31] [%emt 00:00:35]} 80. Re5+ {[%clk
00:05:29] [%emt 00:01:35]} 80... Kf6 {[%clk 01:07:51] [%emt 00:00:09]} 81. Rd5
{[%clk 00:05:41] [%emt 00:00:17]} 81... Rd4 {[%clk 01:08:04] [%emt 00:00:19]}
1/2-1/2

[Event "ODJM B 2023"]
[Site "Willingen GER"]
[Date "2023.05.28"]
[Round "1"]
[White "Groessing, Daniel-Yosuke"]
[Black "Sperling, Max"]
[Result "1/2-1/2"]
[Termination "normal"]
[Board "18"]
[WhiteElo "1615"]
[BlackElo "1527"]
[WhiteClock "00:16:56"]
[BlackClock "00:05:51"]
[PlyCount "72"]
[WhiteFideId "1682237"]
[BlackFideId "34660372"]
[EventCountry "GER"]
[EventRounds "9"]
[EventType "swiss"]
[EventDate "2023.05.27"]

1. d4 {[%clk 01:30:55] [%emt 00:00:05]} 1... Nf6 {[%clk 01:30:57] [%emt
00:00:04]} 2. c4 {[%clk 01:31:17] [%emt 00:00:07]} 2... e6 {[%clk 01:31:16]
[%emt 00:00:11]} 3. Nc3 {[%clk 01:31:33] [%emt 00:00:13]} 3... d5 {[%clk
01:31:36] [%emt 00:00:11]} 4. Bg5 {[%clk 01:31:56] [%emt 00:00:07]} 4... Be7
{[%clk 01:31:49] [%emt 00:00:16]} 5. Nf3 {[%clk 01:32:18] [%emt 00:00:08]} 5...
O-O {[%clk 01:32:02] [%emt 00:00:16]} 6. e3 {[%clk 01:32:37] [%emt 00:00:12]}
6... b6 {[%clk 01:32:10] [%emt 00:00:23]} 7. cxd5 {[%clk 01:32:05] [%emt
00:01:02]} 7... exd5 {[%clk 01:31:32] [%emt 00:01:08]} 8. Bd3 {[%clk 01:32:08]
[%emt 00:00:27]} 8... Bb7 {[%clk 01:30:14] [%emt 00:01:48]} 9. O-O {[%clk
01:32:01] [%emt 00:00:36]} 9... Nbd7 {[%clk 01:29:06] [%emt 00:01:39]} 10. Rc1
{[%clk 01:29:24] [%emt 00:03:06]} 10... c5 {[%clk 01:26:01] [%emt 00:03:36]}
11. Bb1 {[%clk 01:24:50] [%emt 00:05:03]} 11... Re8 {[%clk 01:19:06] [%emt
00:07:26]} 12. h3 {[%clk 01:21:21] [%emt 00:03:59]} 12... a6 {[%clk 01:07:53]
[%emt 00:11:43]} 13. dxc5 {[%clk 01:19:32] [%emt 00:02:18]} 13... Nxc5 {[%clk
01:02:19] [%emt 00:06:03]} 14. Nd4 {[%clk 01:17:42] [%emt 00:02:21]} 14... g6
{[%clk 01:00:30] [%emt 00:02:19]} 15. a3 {[%clk 01:11:02] [%emt 00:07:10]}
15... Nfe4 {[%clk 00:48:43] [%emt 00:12:17]} 16. Bf4 {[%clk 01:09:45] [%emt
00:01:47]} 16... Bg5 {[%clk 00:42:31] [%emt 00:06:43]} 17. Bh2 {[%clk 01:05:14]
[%emt 00:05:00]} 17... Nxf2 {[%emt 00:09:57]} 18. Rxf2 {[%clk 00:59:41] [%emt
00:00:13]} 18... Bxe3 {[%clk 00:38:59] [%emt 00:00:26]} 19. Rcc2 {[%clk
00:54:22] [%emt 00:05:49]} 19... Qf6 {[%clk 00:33:14] [%emt 00:06:15]} 20. Rcd2
{[%clk 00:49:35] [%emt 00:05:17]} 20... Nd3 {[%clk 00:24:44] [%emt 00:08:59]}
21. Bxd3 {[%clk 00:47:21] [%emt 00:02:44]} 21... Qxd4 {[%clk 00:24:30] [%emt
00:00:45]} 22. Bf1 {[%clk 00:44:09] [%emt 00:03:41]} 22... Bxf2+ {[%clk
00:16:59] [%emt 00:08:01]} 23. Rxf2 {[%clk 00:44:14] [%emt 00:00:26]} 23...
Qxd1 {[%clk 00:16:56] [%emt 00:00:33]} 24. Nxd1 {[%clk 00:44:39] [%emt
00:00:05]} 24... Re1 {[%clk 00:16:47] [%emt 00:00:39]} 25. Rd2 {[%clk 00:43:57]
[%emt 00:01:11]} 25... Rae8 {[%clk 00:15:12] [%emt 00:02:06]} 26. Bg3 {[%clk
00:43:17] [%emt 00:01:09]} 26... R1e7 {[%clk 00:15:10] [%emt 00:00:32]} 27. Nc3
{[%clk 00:42:11] [%emt 00:01:35]} 27... Rd7 {[%clk 00:15:39] [%emt 00:00:03]}
28. Rd4 {[%clk 00:41:26] [%emt 00:01:13]} 28... h5 {[%clk 00:13:36] [%emt
00:02:34]} 29. Bc4 {[%clk 00:40:21] [%emt 00:01:34]} 29... Kg7 {[%clk 00:12:23]
[%emt 00:01:45]} 30. Bh4 {[%clk 00:36:17] [%emt 00:04:32]} 30... f6 {[%clk
00:11:41] [%emt 00:01:13]} 31. Bb3 {[%clk 00:27:26] [%emt 00:09:21]} 31... Bc6
{[%clk 00:11:19] [%emt 00:00:53]} 32. Kf2 {[%clk 00:26:10] [%emt 00:01:44]}
32... g5 {[%clk 00:09:23] [%emt 00:02:27]} 33. Bg3 {[%clk 00:26:32] [%emt
00:00:09]} 33... Kh6 {[%clk 00:08:31] [%emt 00:01:21]} 34. h4 {[%clk 00:24:10]
[%emt 00:02:52]} 34... Kg7 {[%clk 00:07:05] [%emt 00:01:56]} 35. Bd1 {[%clk
00:19:13] [%emt 00:05:26]} 35... Kh6 {[%clk 00:07:01] [%emt 00:00:35]} 36. Be2
{[%clk 00:16:56] [%emt 00:02:46]} 36... a5 {[%clk 00:05:51] [%emt 00:01:42]}
1/2-1/2

[Event "ODJM B 2023"]
[Site "Willingen GER"]
[Date "2023.05.28"]
[Round "1"]
[White "Beberhold, Otto Richard"]
[Black "Strohschän, Michel"]
[Result "1-0"]
[Termination "normal"]
[Board "19"]
[WhiteElo "1427"]
[BlackElo "1718"]
[WhiteClock "00:15:08"]
[BlackClock "00:40:30"]
[PlyCount "115"]
[WhiteFideId "34617248"]
[BlackFideId "34630465"]
[EventCountry "GER"]
[EventRounds "9"]
[EventType "swiss"]
[EventDate "2023.05.27"]

1. d4 {[%clk 01:30:57] [%emt 00:00:02]} 1... c6 {[%clk 01:30:46] [%emt
00:00:13]} 2. Nf3 {[%clk 01:31:20] [%emt 00:00:07]} 2... d5 {[%clk 01:30:56]
[%emt 00:00:21]} 3. e3 {[%clk 01:31:35] [%emt 00:00:15]} 3... Nf6 {[%clk
01:30:30] [%emt 00:00:56]} 4. Bd3 {[%clk 01:31:54] [%emt 00:00:11]} 4... Bg4
{[%clk 01:29:48] [%emt 00:01:11]} 5. Nbd2 {[%clk 01:30:17] [%emt 00:02:08]}
5... Nbd7 {[%clk 01:27:36] [%emt 00:02:43]} 6. Be2 {[%clk 01:20:06] [%emt
00:10:40]} 6... Qc7 {[%clk 01:26:03] [%emt 00:02:03]} 7. c4 {[%clk 01:18:01]
[%emt 00:02:36]} 7... e5 {[%clk 01:21:57] [%emt 00:04:36]} 8. dxe5 {[%clk
01:16:28] [%emt 00:02:02]} 8... Nxe5 {[%clk 01:20:24] [%emt 00:02:02]} 9. Nxe5
{[%clk 01:16:44] [%emt 00:00:15]} 9... Bxe2 {[%clk 01:20:43] [%emt 00:00:11]}
10. Qxe2 {[%clk 01:17:06] [%emt 00:00:08]} 10... Qxe5 {[%clk 01:21:04] [%emt
00:00:09]} 11. Nf3 {[%clk 01:17:02] [%emt 00:00:34]} 11... Bb4+ {[%clk
01:15:51] [%emt 00:05:43]} 12. Kf1 {[%clk 01:10:51] [%emt 00:06:42]} 12... Qe6
{[%clk 01:12:13] [%emt 00:04:06]} 13. Nd4 {[%clk 01:09:35] [%emt 00:01:47]}
13... Qd7 {[%clk 01:11:25] [%emt 00:01:17]} 14. a3 {[%clk 01:08:48] [%emt
00:01:19]} 14... Bd6 {[%clk 01:11:11] [%emt 00:00:43]} 15. b4 {[%clk 01:06:44]
[%emt 00:02:34]} 15... O-O {[%clk 01:07:09] [%emt 00:04:32]} 16. c5 {[%clk
01:02:23] [%emt 00:04:51]} 16... Bc7 {[%clk 01:05:27] [%emt 00:02:12]} 17. Bb2
{[%clk 00:59:29] [%emt 00:03:24]} 17... Rae8 {[%clk 01:01:40] [%emt 00:04:17]}
18. Qf3 {[%clk 00:56:22] [%emt 00:03:37]} 18... Ne4 {[%clk 00:57:05] [%emt
00:05:05]} 19. Rd1 {[%clk 00:55:59] [%emt 00:00:53]} 19... f5 {[%clk 00:56:49]
[%emt 00:00:46]} 20. g3 {[%clk 00:48:25] [%emt 00:08:04]} 20... Be5 {[%clk
00:55:55] [%emt 00:01:24]} 21. h4 {[%clk 00:46:45] [%emt 00:02:10]} 21... Rf6
{[%clk 00:51:26] [%emt 00:05:00]} 22. Qg2 {[%clk 00:38:00] [%emt 00:09:15]}
22... Ref8 {[%clk 00:46:31] [%emt 00:05:25]} 23. f4 {[%clk 00:37:43] [%emt
00:00:47]} 23... Rg6 {[%clk 00:39:35] [%emt 00:07:26]} 24. Rh3 {[%clk 00:32:46]
[%emt 00:05:26]} 24... Bf6 {[%clk 00:36:30] [%emt 00:03:35]} 25. h5 {[%clk
00:29:08] [%emt 00:04:08]} 25... Rg4 {[%clk 00:36:15] [%emt 00:00:45]} 26. Ba1
{[%clk 00:28:21] [%emt 00:01:17]} 26... b6 {[%clk 00:32:47] [%emt 00:03:58]}
27. cxb6 {[%clk 00:25:45] [%emt 00:03:06]} 27... axb6 {[%clk 00:32:49] [%emt
00:00:29]} 28. Nf3 {[%clk 00:25:58] [%emt 00:00:16]} 28... c5 {[%clk 00:30:46]
[%emt 00:02:33]} 29. Nh2 {[%clk 00:20:47] [%emt 00:05:40]} 29... Qa4 {[%clk
00:29:48] [%emt 00:01:30]} 30. Re1 {[%clk 00:17:59] [%emt 00:03:17]} 30... Qxa3
{[%clk 00:28:13] [%emt 00:02:05]} 31. Bxf6 {[%clk 00:17:40] [%emt 00:00:50]}
31... Rxf6 {[%clk 00:27:27] [%emt 00:01:15]} 32. bxc5 {[%clk 00:16:44] [%emt
00:01:26]} 32... bxc5 {[%clk 00:27:50] [%emt 00:00:08]} 33. Nxg4 {[%clk
00:15:26] [%emt 00:01:48]} 33... fxg4 {[%clk 00:28:18]} 34. Rh2 {[%clk
00:11:07] [%emt 00:04:48]} 34... Qd3+ {[%clk 00:27:32] [%emt 00:01:17]} 35. Kg1
{[%clk 00:11:05] [%emt 00:00:32]} 35... c4 {[%clk 00:21:54] [%emt 00:06:08]}
36. Qe2 {[%clk 00:08:45] [%emt 00:02:50]} 36... Qa3 {[%clk 00:21:14] [%emt
00:01:09]} 37. Qxg4 {[%clk 00:06:29] [%emt 00:02:46]} 37... Qc5 {[%clk
00:19:01] [%emt 00:02:44]} 38. Qf3 {[%clk 00:03:55] [%emt 00:03:04]} 38... c3
{[%clk 00:18:26] [%emt 00:01:05]} 39. Rc2 {[%clk 00:02:49] [%emt 00:01:36]}
39... Rb6 {[%clk 00:16:04] [%emt 00:02:53]} 40. Qg2 {[%clk 00:01:40] [%emt
00:01:38]} 40... Qa3 {[%clk 00:13:50] [%emt 00:02:44]} 41. Kh2 {[%clk 00:25:25]
[%emt 00:06:45]} 41... Nd2 {[%clk 00:41:59] [%emt 00:02:19]} 42. Qxd5+ {[%clk
00:24:12] [%emt 00:01:46]} 42... Kf8 {[%clk 00:42:05] [%emt 00:00:24]} 43. Re2
{[%clk 00:19:58] [%emt 00:04:43]} 43... Rb2 {[%clk 00:39:34] [%emt 00:03:01]}
44. Rcxd2 {[%clk 00:19:03] [%emt 00:01:25]} 44... cxd2 {[%clk 00:38:42] [%emt
00:01:22]} 45. Rxd2 {[%clk 00:19:11] [%emt 00:00:22]} 45... Rxd2+ {[%clk
00:38:24] [%emt 00:00:48]} 46. Qxd2 {[%clk 00:19:33] [%emt 00:00:09]} 46... Qc5
{[%clk 00:38:40] [%emt 00:00:11]} 47. g4 {[%clk 00:19:25] [%emt 00:00:40]}
47... Qc4 {[%clk 00:38:43] [%emt 00:00:27]} 48. Qf2 {[%clk 00:18:14] [%emt
00:01:40]} 48... Qe4 {[%clk 00:38:37] [%emt 00:00:37]} 49. g5 {[%clk 00:17:57]
[%emt 00:00:47]} 49... Kf7 {[%clk 00:38:51] [%emt 00:00:17]} 50. f5 {[%clk
00:16:04] [%emt 00:02:22]} 50... Qg4 {[%clk 00:38:12] [%emt 00:01:09]} 51. Qa2+
{[%clk 00:14:46] [%emt 00:01:48]} 51... Kf8 {[%clk 00:38:07] [%emt 00:00:35]}
52. Qa8+ {[%clk 00:13:17] [%emt 00:01:59]} 52... Kf7 {[%clk 00:38:21] [%emt
00:00:16]} 53. Qb7+ {[%clk 00:13:40] [%emt 00:00:07]} 53... Kf8 {[%clk
00:38:48] [%emt 00:00:03]} 54. Qc8+ {[%clk 00:13:59] [%emt 00:00:11]} 54... Kf7
{[%clk 00:39:11] [%emt 00:00:06]} 55. Qd7+ {[%clk 00:14:15] [%emt 00:00:14]}
55... Kf8 {[%clk 00:39:39] [%emt 00:00:03]} 56. Qd8+ {[%clk 00:14:32] [%emt
00:00:13]} 56... Kf7 {[%clk 00:40:07] [%emt 00:00:02]} 57. g6+ {[%clk 00:14:50]
[%emt 00:00:13]} 57... hxg6 {[%clk 00:40:30] [%emt 00:00:06]} 58. hxg6+ {[%clk
00:15:08] [%emt 00:00:13]} 1-0

[Event "ODJM B 2023"]
[Site "Willingen GER"]
[Date "2023.05.28"]
[Round "1"]
[White "Kuhlmann, Nils Magnus"]
[Black "Andresen, Eric"]
[Result "1-0"]
[Termination "normal"]
[Board "20"]
[WhiteElo "1553"]
[BlackElo "1526"]
[WhiteClock "00:44:58"]
[BlackClock "00:03:45"]
[PlyCount "55"]
[WhiteFideId "16287177"]
[BlackFideId "34641360"]
[EventCountry "GER"]
[EventRounds "9"]
[EventType "swiss"]
[EventDate "2023.05.27"]

1. e4 {[%clk 01:30:52] [%emt 00:00:07]} 1... e5 {[%clk 01:30:52] [%emt
00:00:09]} 2. Nf3 {[%clk 01:31:06] [%emt 00:00:16]} 2... Nc6 {[%clk 01:31:09]
[%emt 00:00:13]} 3. Bb5 {[%clk 01:31:30] [%emt 00:00:06]} 3... a6 {[%clk
01:31:34] [%emt 00:00:05]} 4. Ba4 {[%clk 01:31:56] [%emt 00:00:05]} 4... Nf6
{[%emt 00:00:32]} 5. O-O {[%clk 01:32:00]} 5... Be7 {[%clk 01:31:49] [%emt
00:00:36]} 6. Re1 {[%clk 01:32:20] [%emt 00:00:10]} 6... b5 {[%clk 01:32:15]
[%emt 00:00:06]} 7. Bb3 {[%clk 01:32:10] [%emt 00:00:40]} 7... O-O {[%clk
01:32:37] [%emt 00:00:07]} 8. a4 {[%clk 01:32:10] [%emt 00:00:31]} 8... Bb7
{[%clk 01:32:19] [%emt 00:00:48]} 9. d3 {[%clk 01:31:56] [%emt 00:00:43]} 9...
d6 {[%clk 01:31:34] [%emt 00:01:16]} 10. Bd2 {[%clk 01:32:06] [%emt 00:00:20]}
10... Nd7 {[%clk 01:31:00] [%emt 00:01:03]} 11. Nc3 {[%clk 01:31:25] [%emt
00:01:11]} 11... b4 {[%clk 01:13:21] [%emt 00:18:09]} 12. Ne2 {[%clk 01:31:40]
[%emt 00:00:15]} 12... Nc5 {[%clk 01:09:39] [%emt 00:04:13]} 13. Bd5 {[%clk
01:26:38] [%emt 00:05:31]} 13... a5 {[%clk 01:05:28] [%emt 00:04:42]} 14. Bc4
{[%clk 01:23:37] [%emt 00:03:30]} 14... Ba6 {[%clk 01:03:09] [%emt 00:02:49]}
15. Bxa6 {[%clk 01:21:26] [%emt 00:02:41]} 15... Rxa6 {[%clk 01:03:27] [%emt
00:00:12]} 16. Ng3 {[%clk 01:21:17] [%emt 00:00:39]} 16... Bf6 {[%clk 00:56:21]
[%emt 00:07:37]} 17. Be3 {[%clk 01:17:48] [%emt 00:03:58]} 17... Ne6 {[%clk
00:44:02] [%emt 00:12:49]} 18. c3 {[%clk 01:10:28] [%emt 00:07:49]} 18... d5
{[%clk 00:35:32] [%emt 00:09:01]} 19. exd5 {[%clk 01:08:41] [%emt 00:02:16]}
19... Qxd5 {[%clk 00:35:49] [%emt 00:00:13]} 20. Qe2 {[%clk 01:06:39] [%emt
00:02:32]} 20... Re8 {[%clk 00:30:14] [%emt 00:06:06]} 21. d4 {[%clk 01:02:04]
[%emt 00:05:05]} 21... exd4 {[%clk 00:27:50] [%emt 00:02:54]} 22. Qxa6 {[%clk
01:00:06] [%emt 00:02:28]} 22... dxe3 {[%clk 00:19:59] [%emt 00:08:20]} 23.
Rxe3 {[%clk 00:58:43] [%emt 00:01:53]} 23... Rd8 {[%clk 00:14:49] [%emt
00:05:41]} 24. Rae1 {[%clk 00:51:29] [%emt 00:07:44]} 24... bxc3 {[%clk
00:09:40] [%emt 00:05:40]} 25. bxc3 {[%clk 00:51:53] [%emt 00:00:06]} 25... h5
{[%clk 00:10:04] [%emt 00:00:06]} 26. Nxh5 {[%clk 00:46:08] [%emt 00:06:15]}
26... Bxc3 {[%clk 00:03:30] [%emt 00:07:04]} 27. Rxc3 {[%clk 00:45:08] [%emt
00:01:30]} 27... Nb4 {[%clk 00:03:45] [%emt 00:00:16]} 28. Qb5 {[%clk 00:44:58]
[%emt 00:00:39]} 1-0